Le prénom Michel dans d'autres langues - Statistiques

Statistiques générales
  • Ce quiz a été pris 54 fois
  • Le résultat moyen est 5 sur 22
Statistiques - réponses
Hint Réponse % Correct
Anglais Michael
67%
Russe Mikhail
55%
Italien Michele
53%
Espagnol Miguel
53%
Portugais Miguel
31%
Occitan Miqueu
25%
Catalan Miquel
24%
Hongrois Mihaly
22%
Polonais Michal
18%
Basque Mikel
18%
Allemand Michael
16%
Espéranto Mikelo
16%
Danois Mikael
14%
Néerlandais Michiel
10%
Roumain Mihai
10%
Turc Mikail
10%
Letton Mikelis
10%
Finnois Mikael
8%
Lituanien Mikalos
8%
Serbe Mihaïlo
6%
Tchèque Michal
4%
Breton Mickael
4%
Aucun quiz correspondant
Distribution des résultats
% des personnes avec chaque résultat
Percentile par nombre de réponses
Votre historique - résultats
Vous n’avez pas pris ce quiz